书目信息 |
| 题名: |
下班后的洋话
|
|
| 作者: | ;东方友人 著 | |
| 分册: | ||
| 出版信息: | 北京 世界图书出版公司北京公司 2003.02 |
|
| 页数: | 133页 | |
| 开本: | 21cm | |
| 丛书名: | 洋话连篇全民英语总动员系列 | |
| 单 册: | ||
| 中图分类: | H319.9 | |
| 科图分类: | ||
| 主题词: | 英语--ying yu--口语--美国 | |
| 电子资源: | ||
| ISBN: | 7-5062-5726-2 | |
| 000 | 00993nam 2200253 450 | |
| 001 | 012007692953 | |
| 005 | 20070920152933.06 | |
| 010 | @a7-5062-5726-2@dCNY12.00 | |
| 100 | @a20070827d2003 km y0chiy0120 ea | |
| 101 | 0 | @achi@aeng |
| 102 | @aCN@b110000 | |
| 105 | @ay z 000yy | |
| 200 | 1 | @a下班后的洋话@Axia ban hou de yang hua@d= Modern english after five@f东方友人著@Fdong fang you ren zhu@zeng |
| 210 | @a北京@c世界图书出版公司北京公司@d2003.02 | |
| 215 | @a133页@d21cm | |
| 225 | 2 | @a洋话连篇全民英语总动员系列@Ayang hua lian pian quan min ying yu zong dong yuan xi lie |
| 330 | @a本书介绍的是一些西方人下班后如何安排娱乐,或者与朋友消遣时如何进行文化和英语口语的交流,使读者在了解西方文化背景知识的基础上帮助记忆。 | |
| 410 | 0 | @12001 @a洋话连篇全民英语总动员系列 |
| 510 | 1 | @aModern English after five@zeng |
| 606 | 0 | @a英语@Aying yu@x口语@y美国 |
| 690 | @aH319.9@v4 | |
| 712 | 02 | @a东方友人@Adong fang you ren@4著 |
| 801 | 0 | @aCN@bQSSK@c20070920 |
| 905 | @dH319.9@eD664 | |
| 下班后的洋话= Modern english after five/东方友人著.-北京:世界图书出版公司北京公司,2003.02 |
| 133页;21cm.-(洋话连篇全民英语总动员系列) |
| ISBN 7-5062-5726-2:CNY12.00 |
| 本书介绍的是一些西方人下班后如何安排娱乐,或者与朋友消遣时如何进行文化和英语口语的交流,使读者在了解西方文化背景知识的基础上帮助记忆。 |
| ● |
| 相关链接 |
|
|
|
正题名:下班后的洋话
索取号:H319.9/D664
 
预约/预借
| 序号 | 登录号 | 条形码 | 馆藏地/架位号 | 状态 | 备注 |
| 1 | 262030 | 202620306 | 语言库209/209语言库 29排1列4层/ [索取号:H319.9/D664] | 在馆 | |
| 2 | 262031 | 202620315 | 语言库209/209语言库 29排1列4层/ [索取号:H319.9/D664] | 在馆 | |
| 3 | 262032 | 202620324 | 语言库209/209语言库 29排1列4层/ [索取号:H319.9/D664] | 在馆 |